000 01681nam0a2200337 4500
001 RU\NLR\bibl\68182
005 20250616094152.0
010 _a5-7679-0154-6
_9100
021 _aRU
_b1999-30206
_91475
035 _a(NLR Aleph) 000066512
090 _a364835
_c364835
100 _a20000202d1998 |||y0rusy50 ca
101 0 _arus
102 _aRU
105 _aa |||||||||
200 1 _aВведение в технологию машиностроения
_eУчеб. пособие для студентов вузов
_e[По направлению 552900, спец. 120100, 120200, 060800, 061100]
_fГ.М. Шейнин, Я.С. Ямников
_gМ-во общ. и проф. образования Рос. Федерации, Тул. гос. ун-т
210 _aТула
_cТулГУ
_d1998
215 _a109 с.
_cил.
_d20
320 _aБиблиогр.: с. 106-107 (36 назв.)
606 0 _aМашиностроение
_jРуководства, пособия и т.п. для высшей школы
_xТехнологические процессы
_9947635
_3RU\NLR\auth\66351664
606 0 _aМашиностроение
_jУчебные издания для высшей школы
_xТехнологические процессы
_9947635
_3RU\NLR\auth\66351664
686 _aК5я73-1
700 1 _aШейнин
_bГ. М.
_gГригорий Матвеевич
_4070
701 1 _aЯмников
_bА. С.
_gАлександр Сергеевич
_4070
801 0 _aRU
_bNLR
_c20000202
_gPSBO
801 1 _aRU
_bNLR
_c20000202
830 _aАвт. раскрыты по кн.
852 _aNLR
_j99-3/18389
942 _cBOOK
980 _aNB